[Event "I Festival A"]
[Site "Forni di Sopra ITA"]
[Date "2011.06.16"]
[Round "7"]
[White "Meszaros, Michal"]
[Black "Brunello, Marina"]
[WhiteElo "2414"]
[BlackElo "2177"]
[Result "1/2-1/2"]
[PlyCount "51"]
[EventDate "2011.06.12"]

1. e4 c5 2. Nf3 d6 3. d4 cxd4 4. Nxd4 Nf6 5. Nc3 a6 6. Be3 e5 7. Nf3 Qc7 8. a4
Be6 9. a5 Nbd7 10. Be2 Be7 11. O-O Rc8 12. Nh4 O-O 13. f4 exf4 14. Rxf4 Rfe8
15. Nf5 Bf8 16. Qd2 Kh8 17. Ng3 Be7 18. Rf2 Ne5 19. Bb6 Qc6 20. Bd4 Qc7 21. Nf5
Bf8 22. Bb6 Qd7 23. Ne3 Rxc3 24. Qxc3 Nxe4 25. Qd4 Nxf2 26. Kxf2 1/2-1/2

[Event "I Festival A"]
[Site "Forni di Sopra ITA"]
[Date "2011.06.16"]
[Round "7"]
[White "Okhotnik, Vladimir"]
[Black "Lazic, Miroljub"]
[WhiteElo "2486"]
[BlackElo "2471"]
[Result "1-0"]
[PlyCount "117"]
[EventDate "2011.06.12"]

1. e4 d6 2. d4 Nf6 3. Bd3 e5 4. c3 Nc6 5. d5 Ne7 6. Nf3 Ng6 7. Bb5+ Bd7 8. Qa4
Be7 9. Bg5 a6 10. Bxd7+ Nxd7 11. Be3 O-O 12. Nbd2 Nf6 13. h3 Qc8 14. O-O Nh5
15. Kh2 Nhf4 16. Ng1 c6 17. g3 Nh5 18. Qd1 Nf6 19. c4 b5 20. Rc1 Qb7 21. dxc6
Qxc6 22. f3 Rfd8 23. Ne2 Rac8 24. Qb3 bxc4 25. Nxc4 Qb5 26. Qxb5 axb5 27. Nb6
Rxc1 28. Rxc1 d5 29. exd5 Nxd5 30. Nxd5 Rxd5 31. Rc8+ Nf8 32. Kg2 b4 33. g4 f6
34. Ra8 Kf7 35. Ra7 Nd7 36. Ng3 g6 37. Kf2 Nc5 38. Ke2 Ne6 39. Ne4 Ke8 40. h4
Nd4+ 41. Bxd4 Rxd4 42. h5 f5 43. hxg6 hxg6 44. gxf5 gxf5 45. Ng3 Bg5 46. Nxf5
Rd2+ 47. Ke1 Kd8 48. b3 Rd3 49. Kf2 Rd2+ 50. Kf1 Bf4 51. Ne7 Be3 52. Nc6+ Kc8
53. Ra4 Rf2+ 54. Ke1 Rxf3 55. Nxe5 Rf5 56. Nd3 Bd4 57. Nxb4 Bc3+ 58. Ke2 Rf4
59. Nd5 1-0

[Event "I Festival A"]
[Site "Forni di Sopra ITA"]
[Date "2011.06.16"]
[Round "7"]
[White "Pastir, Stanislav"]
[Black "Pepino, Enrico"]
[WhiteElo "2059"]
[BlackElo "2209"]
[Result "1/2-1/2"]
[PlyCount "23"]
[EventDate "2011.06.12"]

1. Nf3 Nf6 2. g3 g6 3. Bg2 Bg7 4. O-O c5 5. c4 O-O 6. Nc3 Nc6 7. d3 d5 8. cxd5
Nxd5 9. Nxd5 Qxd5 10. Qa4 Nd4 11. Nxd4 Qxd4 12. Qxd4 1/2-1/2

[Event "I Festival A"]
[Site "Forni di Sopra ITA"]
[Date "2011.06.16"]
[Round "7"]
[White "Rotstein, Arkadij"]
[Black "Bruno, Fabio"]
[WhiteElo "2547"]
[BlackElo "2459"]
[Result "1-0"]
[PlyCount "47"]
[EventDate "2011.06.12"]

1. d4 d5 2. c4 c6 3. Nf3 e6 4. Nbd2 f5 5. Ne5 Nf6 6. g3 Bd6 7. Bg2 O-O 8. O-O
b6 9. Nd3 a5 10. Qc2 Qe7 11. Nf3 Nbd7 12. Bf4 Ba6 13. cxd5 cxd5 14. Qc6 Ne4 15.
Bxd6 Nxd6 16. Nfe5 Bb5 17. Qc3 Rac8 18. Qa3 Bxd3 19. exd3 Rfe8 20. Rac1 Rxc1
21. Rxc1 Nxe5 22. dxe5 Nb5 23. Qa4 Na7 24. Rc7 1-0

[Event "I Festival A"]
[Site "Forni di Sopra ITA"]
[Date "2011.06.16"]
[Round "7"]
[White "Sipos, Istvan"]
[Black "Vojta, Tomas"]
[WhiteElo "2423"]
[BlackElo "2360"]
[Result "1-0"]
[PlyCount "51"]
[EventDate "2011.06.12"]

1. Nf3 Nc6 2. e4 d5 3. exd5 Qxd5 4. Nc3 Qa5 5. Bb5 Bd7 6. O-O e6 7. d4 Bb4 8.
Qd3 a6 9. Bc4 Bxc3 10. bxc3 Nge7 11. Re1 O-O 12. Bf4 Ng6 13. Bg3 Rad8 14. Bb3
Nce7 15. Ne5 Nxe5 16. Rxe5 Qb6 17. a4 a5 18. Rae1 Nf5 19. Bf4 g6 20. Bg5 Rc8
21. Bf6 Qd6 22. Qh3 Rfe8 23. g4 Nxd4 24. cxd4 Qxd4 25. Qh6 Qxg4+ 26. Kf1 1-0

[Event "I Festival A"]
[Site "Forni di Sopra ITA"]
[Date "2011.06.16"]
[Round "7"]
[White "Smith, Bryan G."]
[Black "Leon Hoyos, Manuel"]
[WhiteElo "2481"]
[BlackElo "2563"]
[Result "0-1"]
[PlyCount "88"]
[EventDate "2011.06.12"]

1. e4 c5 2. Nf3 Nc6 3. d4 cxd4 4. Nxd4 g6 5. c4 Nf6 6. Nc3 d6 7. Nc2 Bg7 8. Be2
O-O 9. O-O Nd7 10. Bd2 a5 11. Qc1 Re8 12. Bh6 Bh8 13. h4 Nc5 14. Qe3 a4 15. h5
Qa5 16. hxg6 hxg6 17. Rab1 Be6 18. f4 f5 19. g4 Bxc3 20. gxf5 Bd2 21. Qg3 Bf7
22. fxg6 Be6 23. Bf3 Bxc4 24. Qh4 Nd7 25. b3 Qc5+ 26. Rf2 Be6 27. Bg4 Bxg4 28.
Qxg4 e6 29. Qh4 Re7 30. Rd1 axb3 31. axb3 Qxc2 32. Rfxd2 Qxe4 33. Rh2 Qe3+ 34.
Kf1 Qf3+ 35. Ke1 Qe3+ 36. Kf1 Qf3+ 37. Ke1 Qc3+ 38. Kf1 Ra1 39. Rxa1 Qxa1+ 40.
Kg2 Qb2+ 41. Kg1 Qb1+ 42. Kf2 Qc2+ 43. Kf1 Qd1+ 44. Kf2 Nd4 0-1

[Event "I Festival A"]
[Site "Forni di Sopra ITA"]
[Date "2011.06.16"]
[Round "7"]
[White "Sorbera, Giovanni"]
[Black "Makropoulou, Marina"]
[WhiteElo "2167"]
[BlackElo "2282"]
[Result "1/2-1/2"]
[PlyCount "76"]
[EventDate "2011.06.12"]

1. e4 e5 2. Nf3 Nc6 3. Bb5 a6 4. Ba4 Nf6 5. d3 b5 6. Bb3 Be7 7. O-O Bb7 8. Nc3
O-O 9. a3 d6 10. Re1 Na5 11. Ba2 c5 12. Ne2 Nc6 13. Ng3 Qd7 14. h3 Rae8 15. Nf5
Bd8 16. Bg5 Bc8 17. N3h4 Nd4 18. Re3 Qc7 19. Nxd4 cxd4 20. Rg3 Kh8 21. Qf3 Be6
22. Nf5 Bxf5 23. Qxf5 Qxc2 24. Rb1 a5 25. Qf3 Be7 26. Rc1 Qxb2 27. Rc7 Bd8 28.
Rc8 Be7 29. Rc7 Bd8 30. Bxf6 Bxf6 31. Bxf7 Re7 32. Rxe7 Bxe7 33. Qh5 Qc1+ 34.
Kh2 Qh6 35. Qxh6 gxh6 36. Bd5 Bh4 37. Rf3 Rxf3 38. gxf3 Bxf2 1/2-1/2

[Event "I Festival A"]
[Site "Forni di Sopra ITA"]
[Date "2011.06.17"]
[Round "8"]
[White "Arnaudov, G. Petar"]
[Black "Smith, Bryan G."]
[WhiteElo "2449"]
[BlackElo "2481"]
[Result "1-0"]
[PlyCount "87"]
[EventDate "2011.06.12"]

1. Nf3 c5 2. c4 g6 3. d4 Bg7 4. d5 d6 5. Nc3 Bxc3+ 6. bxc3 f5 7. h3 Qa5 8. Qc2
Nf6 9. Bh6 Nbd7 10. g4 Nb6 11. Nd2 Bd7 12. Bg2 O-O-O 13. gxf5 gxf5 14. Bg7 Rhg8
15. Bxf6 exf6 16. Kf1 f4 17. h4 h5 18. Bh3 Bg4 19. Bxg4+ hxg4 20. Qf5+ Kb8 21.
Qxf4 Qxc3 22. Kg2 f5 23. Rac1 Qf6 24. e4 g3 25. fxg3 Rg4 26. Qxf5 Qg7 27. Qf2
Rf8 28. Qe3 Rg8 29. Rh3 Nd7 30. Rf1 Qb2 31. Rf2 Qc1 32. h5 Ne5 33. h6 Nxc4 34.
Nxc4 Qxc4 35. h7 Rh8 36. Qf3 Rxe4 37. Rh5 Ree8 38. Rh4 Qb5 39. Qf7 c4 40. Rg4
c3 41. Rg8 Qa4 42. Re2 Rc8 43. Rxh8 Rxh8 44. Qf6 1-0

[Event "I Festival A"]
[Site "Forni di Sopra ITA"]
[Date "2011.06.17"]
[Round "8"]
[White "Brunello, Marina"]
[Black "Meijers, Viesturs"]
[WhiteElo "2177"]
[BlackElo "2473"]
[Result "1-0"]
[PlyCount "95"]
[EventDate "2011.06.12"]

1. e4 c5 2. c3 e6 3. d4 a6 4. Nf3 b5 5. Bd3 Bb7 6. O-O Qb6 7. Be3 Nf6 8. Nbd2
Nc6 9. h3 h6 10. a4 d5 11. exd5 Nxd5 12. dxc5 Nxe3 13. cxb6 Nxd1 14. Rfxd1 b4
15. a5 O-O-O 16. Nb3 Be7 17. Nfd4 Nxd4 18. cxd4 Kb8 19. Rac1 Bf6 20. Be2 Rd7
21. Nc5 Rxd4 22. Rxd4 Bxd4 23. Nd7+ Ka8 24. Bf3 Bxf3 25. gxf3 Rd8 26. Rc7 Rxd7
27. Rxd7 Bxb2 28. Kf1 Be5 29. Rd3 Kb7 30. Rb3 Bd6 31. Ke2 Kc6 32. Rd3 h5 33. f4
Bxf4 34. Rd4 Bd6 35. b7 Bb8 36. Rxb4 g5 37. Ke3 Kc7 38. Ke4 Ba7 39. Ke5 Kb8 40.
Rb2 g4 41. hxg4 hxg4 42. Kd6 Bd4 43. Rd2 e5 44. Kc6 f5 45. Rd1 f4 46. Rh1 e4
47. Rd1 Bf6 48. Rd6 1-0

[Event "I Festival A"]
[Site "Forni di Sopra ITA"]
[Date "2011.06.17"]
[Round "8"]
[White "Bruno, Fabio"]
[Black "Meszaros, Michal"]
[WhiteElo "2459"]
[BlackElo "2414"]
[Result "1/2-1/2"]
[PlyCount "44"]
[EventDate "2011.06.12"]

1. Nf3 g6 2. d4 Bg7 3. c4 Nf6 4. Nc3 O-O 5. Bg5 d6 6. e3 c5 7. Be2 h6 8. Bh4
cxd4 9. Nxd4 Nc6 10. O-O Re8 11. Re1 Bd7 12. Rc1 a6 13. Qd2 Rc8 14. b3 Kh7 15.
h3 Qa5 16. Red1 Nxd4 17. exd4 Bc6 18. d5 Bd7 19. Bd3 Qb6 20. Re1 a5 21. Rb1 Qb4
22. Red1 Kg8 1/2-1/2

[Event "I Festival A"]
[Site "Forni di Sopra ITA"]
[Date "2011.06.17"]
[Round "8"]
[White "Capaliku, Aleks"]
[Black "Jaracz, Barbara"]
[WhiteElo "2071"]
[BlackElo "2275"]
[Result "1/2-1/2"]
[PlyCount "74"]
[EventDate "2011.06.12"]

1. f4 d5 2. Nf3 g6 3. e3 Bg7 4. d4 Nh6 5. Bd3 Nf5 6. c3 Nd6 7. Nbd2 Nd7 8. e4
dxe4 9. Nxe4 Nxe4 10. Bxe4 O-O 11. O-O Nf6 12. Bc2 b6 13. Ne5 Bb7 14. Qe2 e6
15. Be3 Nd5 16. c4 Nxe3 17. Qxe3 Qd6 18. Be4 Bxe4 19. Qxe4 Rad8 20. Rad1 c5 21.
d5 Rfe8 22. Nc6 exd5 23. Qxd5 Qxd5 24. Rxd5 Rc8 25. Ne5 f6 26. Nd3 Rcd8 27.
Rxd8 Rxd8 28. Rd1 Rd4 29. b3 f5 30. g3 a6 31. Nf2 b5 32. Rxd4 Bxd4 33. Kf1 bxc4
34. bxc4 Kf7 35. Ke2 Ke6 36. Nd3 Kd6 37. h3 Ke6 1/2-1/2

[Event "I Festival A"]
[Site "Forni di Sopra ITA"]
[Date "2011.06.17"]
[Round "8"]
[White "Codenotti, Marco"]
[Black "Mlynek, Petr"]
[WhiteElo "2284"]
[BlackElo "2153"]
[Result "1-0"]
[PlyCount "77"]
[EventDate "2011.06.12"]

1. e4 c6 2. d4 d5 3. Nc3 dxe4 4. Nxe4 Nd7 5. Ng5 Ngf6 6. Bd3 e6 7. N1f3 Bd6 8.
Qe2 h6 9. Ne4 Nxe4 10. Qxe4 Nf6 11. Qe2 Qc7 12. Bd2 b6 13. O-O-O Bb7 14. Rhe1
O-O-O 15. Ba6 c5 16. dxc5 Bxc5 17. Ne5 Nd5 18. Bxb7+ Qxb7 19. Qc4 Kb8 20. b4
Bd6 21. Nc6+ Ka8 22. Nxd8 Rxd8 23. a3 Rc8 24. Qd3 Qc6 25. Kb2 Be7 26. Kb3 b5
27. Rc1 Qa6 28. c4 Qa4+ 29. Ka2 bxc4 30. Rxc4 Rd8 31. Qc2 Qa6 32. Rc1 Kb8 33.
Rc6 Qb7 34. b5 Qd7 35. Ba5 Re8 36. b6 axb6 37. Bxb6 Kb7 38. Ba5 Ra8 39. Qb3+
1-0

[Event "I Festival A"]
[Site "Forni di Sopra ITA"]
[Date "2011.06.17"]
[Round "8"]
[White "Jaracz, Pawel"]
[Black "Antoniewski, Rafal"]
[WhiteElo "2575"]
[BlackElo "2598"]
[Result "1/2-1/2"]
[PlyCount "25"]
[EventDate "2011.06.12"]

1. d4 Nf6 2. c4 c6 3. Nc3 d5 4. cxd5 cxd5 5. Bf4 Nc6 6. Nf3 e6 7. e3 Bd6 8.
Bxd6 Qxd6 9. Bd3 O-O 10. O-O Bd7 11. Rc1 Rfc8 12. Qe2 Be8 13. a3 1/2-1/2

[Event "I Festival A"]
[Site "Forni di Sopra ITA"]
[Date "2011.06.17"]
[Round "8"]
[White "Klinova, Masha"]
[Black "Sorbera, Giovanni"]
[WhiteElo "2315"]
[BlackElo "2167"]
[Result "1/2-1/2"]
[PlyCount "134"]
[EventDate "2011.06.12"]

1. e4 Nf6 2. e5 Nd5 3. d4 d6 4. Nf3 dxe5 5. Nxe5 c6 6. Bd3 Nd7 7. O-O Nxe5 8.
dxe5 g6 9. Qe2 Bg7 10. Na3 O-O 11. c3 Qc7 12. Re1 Be6 13. Nc2 c5 14. c4 Nb6 15.
b3 Rad8 16. Bb2 Rd7 17. f4 Rfd8 18. Rad1 Bg4 19. Qxg4 Rxd3 20. Ne3 h5 21. Qe2
Rxd1 22. Nxd1 e6 23. Nc3 Nc8 24. Rd1 Ne7 25. Nb5 Rxd1+ 26. Qxd1 Qc6 27. Qd3 Nf5
28. Nc3 a6 29. Ne4 Bf8 30. Bc3 b5 31. cxb5 axb5 32. Nf6+ Kg7 33. Qd7 Qa8 34.
Ne8+ Kh6 35. Qxf7 Bg7 36. Nxg7 Nxg7 37. f5 gxf5 38. Bd2+ Kh7 39. Qf6 Qe4 40.
Qh6+ Kg8 41. Qe3 Qb1+ 42. Kf2 Qxa2 43. Kg3 Qc2 44. Kf4 Qd1 45. h3 Kh7 46. Kg5
Qf1 47. Qg3 f4 48. Bxf4 Nf5 49. Qf3 Qxf3 50. gxf3 Kg7 51. Kxh5 Nd4 52. Be3 Nxb3
53. Kg5 b4 54. Kf4 Kg6 55. Ke4 c4 56. f4 Na1 57. f5+ exf5+ 58. Kd5 Nc2 59. Bc1
f4 60. Kxc4 f3 61. Kd3 Kf5 62. Bb2 f2 63. Ke2 Ne3 64. Kxf2 Nd1+ 65. Ke2 Nxb2
66. Kd2 Kxe5 67. Kc2 Nc4 1/2-1/2

[Event "I Festival A"]
[Site "Forni di Sopra ITA"]
[Date "2011.06.17"]
[Round "8"]
[White "Lazic, Miroljub"]
[Black "Ceschia, Ivano"]
[WhiteElo "2471"]
[BlackElo "2257"]
[Result "1-0"]
[PlyCount "127"]
[EventDate "2011.06.12"]

1. g3 Nf6 2. Bg2 e6 3. d3 d5 4. Nd2 c5 5. Ngf3 Nc6 6. O-O Be7 7. e4 b6 8. Re1
Bb7 9. Qe2 Qc7 10. Nf1 h6 11. Bf4 Qd7 12. h4 O-O-O 13. N1h2 Qe8 14. c3 Qg8 15.
g4 g5 16. hxg5 hxg5 17. Bg3 c4 18. Nd4 cxd3 19. Qxd3 Nxe4 20. Rxe4 dxe4 21. Qc4
Bc5 22. Nxc6 Bxc6 23. Bxe4 Bxe4 24. Qxe4 Rd5 25. c4 f5 26. gxf5 exf5 27. Qxd5
Qxd5 28. cxd5 f4 29. Nf1 fxg3 30. Nxg3 Rf8 31. Ne4 Bd4 32. Rc1+ Kd7 33. b3 Re8
34. Re1 Re5 35. Kf1 Rxd5 36. Rd1 Kc6 37. Nxg5 Bc5 38. Rxd5 Kxd5 39. Ke2 a5 40.
f3 a4 41. Kd3 axb3 42. axb3 Bd6 43. Ne4 Be5 44. Nc3+ Kc5 45. Ne2 Kb4 46. Kc2
Kc5 47. f4 Bd6 48. Kc3 Kd5 49. Kd3 Bc7 50. Nc3+ Kc5 51. b4+ Kc6 52. f5 Be5 53.
Kc4 Bd6 54. b5+ Kd7 55. Kd5 Bh2 56. f6 Bg1 57. Ne4 Be3 58. Ke5 Bc1 59. Kf5 Bb2
60. f7 Ke7 61. Kg6 Ba3 62. Nc3 Ke6 63. Na4 Bf8 64. Nxb6 1-0

[Event "I Festival A"]
[Site "Forni di Sopra ITA"]
[Date "2011.06.17"]
[Round "8"]
[White "Leon Hoyos, Manuel"]
[Black "Rotstein, Arkadij"]
[WhiteElo "2563"]
[BlackElo "2547"]
[Result "1/2-1/2"]
[PlyCount "98"]
[EventDate "2011.06.12"]

1. e4 c5 2. Nf3 e6 3. g3 Nc6 4. Bg2 Nf6 5. Nc3 d6 6. d4 cxd4 7. Nxd4 Bd7 8. O-O
Be7 9. Nce2 O-O 10. c4 a6 11. a4 Rc8 12. b3 Qa5 13. Bd2 Qe5 14. Be3 Ng4 15.
Nxc6 bxc6 16. Bf4 Qc5 17. h3 Nf6 18. a5 Qb4 19. e5 dxe5 20. Bxe5 Rfd8 21. Nf4
Be8 22. Nd3 Qb7 23. Qc2 Nd7 24. Bd4 Qc7 25. Rfe1 c5 26. Bc3 Bf6 27. Bxf6 Nxf6
28. Ne5 Rd4 29. Qc3 Rcd8 30. b4 cxb4 31. Qxb4 Bb5 32. Rac1 Be8 33. Qb6 Qe7 34.
Qxa6 Rb8 35. Nc6 Bxc6 36. Qxc6 Rd2 37. Rb1 Rxb1 38. Rxb1 h5 39. a6 Qa3 40. Qb6
Ra2 41. Bb7 h4 42. gxh4 Qxh3 43. a7 Nd5 44. Bxd5 exd5 45. Qd4 Rxa7 46. Rb8+ Kh7
47. Qxa7 Qg4+ 48. Kf1 Qd1+ 49. Kg2 Qg4+ 1/2-1/2

[Event "I Festival A"]
[Site "Forni di Sopra ITA"]
[Date "2011.06.17"]
[Round "8"]
[White "Makropoulou, Marina"]
[Black "Schmitz, Andreas Arnold"]
[WhiteElo "2282"]
[BlackElo "2052"]
[Result "1-0"]
[PlyCount "59"]
[EventDate "2011.06.12"]

1. e4 e6 2. d4 d5 3. Nc3 Bb4 4. e5 c5 5. Bd2 Ne7 6. a3 Bxc3 7. Bxc3 cxd4 8.
Bxd4 Nbc6 9. Nf3 Nxd4 10. Qxd4 Qa5+ 11. c3 Bd7 12. Qg4 Qb6 13. Bd3 Qxb2 14. O-O
g6 15. Rfc1 Rc8 16. h4 Qb6 17. h5 Qa5 18. Qf4 Rxc3 19. Ng5 Rxd3 20. Qxf7+ Kd8
21. Qf6 Rc3 22. Qxh8+ Be8 23. Nf7+ Kd7 24. Nd6 Rxc1+ 25. Rxc1 Qd8 26. Qxh7 gxh5
27. Nc8 Bg6 28. Qg7 Ke8 29. Nxe7 Bf7 30. Rc8 1-0

[Event "I Festival A"]
[Site "Forni di Sopra ITA"]
[Date "2011.06.17"]
[Round "8"]
[White "Matamoros Franco, Carlos S."]
[Black "Petkov, Vladimir"]
[WhiteElo "2542"]
[BlackElo "2517"]
[Result "1-0"]
[PlyCount "61"]
[EventDate "2011.06.12"]

1. c4 Nf6 2. g3 e6 3. Bg2 d5 4. Nf3 dxc4 5. Na3 c5 6. Nxc4 Nc6 7. O-O Be7 8. b3
O-O 9. Bb2 Nd5 10. d4 cxd4 11. Nxd4 Nxd4 12. Bxd4 b5 13. Ne5 Bb7 14. Rc1 Qa5
15. Nc6 Bxc6 16. Rxc6 Rad8 17. Bxd5 Rxd5 18. Qa1 Rg5 19. Rd1 h5 20. Be3 Bf6 21.
Qc1 Rf5 22. a3 Kh7 23. Bd2 Qd8 24. Bb4 Qa8 25. Bxf8 Qxf8 26. Rc8 Qe7 27. Rc7
Qf8 28. Rdd7 Bg5 29. f4 Qb8 30. fxg5 Qb6+ 31. e3 1-0

[Event "I Festival A"]
[Site "Forni di Sopra ITA"]
[Date "2011.06.17"]
[Round "8"]
[White "Naumkin, Igor"]
[Black "Estremera Panos, Sergio"]
[WhiteElo "2506"]
[BlackElo "2364"]
[Result "1/2-1/2"]
[PlyCount "87"]
[EventDate "2011.06.12"]

1. d4 Nf6 2. c4 g6 3. Nc3 d5 4. Nf3 Bg7 5. cxd5 Nxd5 6. Bd2 O-O 7. Rc1 Nb6 8.
e3 Nc6 9. Be2 e5 10. dxe5 Nxe5 11. Nxe5 Bxe5 12. O-O c6 13. e4 Be6 14. b3 Qd6
15. f4 Rad8 16. Nb1 Bb2 17. Rc2 f5 18. e5 Bd4+ 19. Kh1 Qe7 20. Qc1 Rd7 21. Na3
Rfd8 22. Ba5 Bd5 23. Nc4 Be4 24. Rd2 Bc5 25. Bf3 Bxf3 26. Rxf3 Rxd2 27. Nxd2
Bb4 28. Bxb6 axb6 29. Qc4+ Kg7 30. Nf1 b5 31. Qe2 Qe6 32. h3 Bc5 33. a4 bxa4
34. bxa4 Qd5 35. Kh2 h5 36. Qb2 b6 37. Ne3 Bxe3 38. Rxe3 Qd4 39. Qf2 c5 40. Qg3
h4 41. Qxh4 Qxe3 42. Qe7+ Kh6 43. Qh4+ Kg7 44. Qe7+ 1/2-1/2

[Event "I Festival A"]
[Site "Forni di Sopra ITA"]
[Date "2011.06.17"]
[Round "8"]
[White "Papp, Gabor"]
[Black "Dvirnyy, Danyyil"]
[WhiteElo "2553"]
[BlackElo "2448"]
[Result "1/2-1/2"]
[PlyCount "73"]
[EventDate "2011.06.12"]

1. e4 e6 2. d4 d5 3. Nd2 Nf6 4. e5 Nfd7 5. f4 c5 6. c3 Nc6 7. Ndf3 Qb6 8. a3
Be7 9. b4 cxd4 10. cxd4 a6 11. h4 Qc7 12. Kf2 b5 13. Bd3 Nb6 14. Ne2 Nc4 15.
Bxc4 dxc4 16. Nc3 Bb7 17. d5 exd5 18. Nxd5 Qd8 19. Re1 Nd4 20. Nf6+ gxf6 21.
exf6 Bxf3 22. gxf3 Ne6 23. fxe7 Qxe7 24. Kg3 Rg8+ 25. Kh3 Rd8 26. Qe2 Rd3 27.
Qe4 Kf8 28. f5 Qf6 29. Be3 Rxe3 30. Qxe3 Qxf5+ 31. Kh2 Qf6 32. Qe4 Rg6 33. Ra2
Rh6 34. Kg3 Rg6+ 35. Kh2 Rh6 36. Kg3 Rg6+ 37. Kh2 1/2-1/2

[Event "I Festival A"]
[Site "Forni di Sopra ITA"]
[Date "2011.06.17"]
[Round "8"]
[White "Piscopo, Pierluigi"]
[Black "Borgo, Giulio"]
[WhiteElo "2417"]
[BlackElo "2399"]
[Result "0-1"]
[PlyCount "120"]
[EventDate "2011.06.12"]

1. e4 d6 2. Nc3 Nf6 3. f4 Bg4 4. Nf3 d5 5. h3 d4 6. hxg4 dxc3 7. e5 cxd2+ 8.
Bxd2 Ne4 9. e6 fxe6 10. Bd3 Qd5 11. Rh5 g5 12. Nxg5 Nxg5 13. Rxg5 Qxg2 14. Qe2
Qg1+ 15. Qf1 Qxf1+ 16. Kxf1 Bh6 17. Rh5 Bxf4 18. Bg6+ Kd7 19. Bxf4 Rf8 20. Rd1+
Kc6 21. Rxh7 Rxf4+ 22. Ke2 Rxg4 23. Be8+ Kb6 24. Rd8 Rg2+ 25. Kd3 Rg3+ 26. Ke2
Rg5 27. Rxe7 Nc6 28. Rxa8 Nxe7 29. Bf7 Rf5 30. Bg8 Rb5 31. b3 Ra5 32. a4 Rh5
33. Re8 Nxg8 34. Rxg8 Rd5 35. Rg7 a5 36. Ke3 Kc6 37. Rh7 b6 38. Rg7 Kd6 39. Rh7
Kc6 40. Rg7 Kd6 41. Rh7 c6 42. Ra7 Kc5 43. Re7 Rd6 44. Rb7 b5 45. axb5 cxb5 46.
c3 a4 47. bxa4 bxa4 48. Ra7 Kb5 49. c4+ Kb4 50. c5 Rc6 51. Kd4 e5+ 52. Kxe5
Rxc5+ 53. Kd4 Rb5 54. Kd3 Kb3 55. Kd2 a3 56. Kc1 a2 57. Ra8 Rb4 58. Ra7 Rc4+
59. Kd2 Ra4 60. Rb7+ Ka3 0-1

[Event "I Festival A"]
[Site "Forni di Sopra ITA"]
[Date "2011.06.17"]
[Round "8"]
[White "Stamenkovic, Dragan"]
[Black "Andersen, Alf R."]
[WhiteElo "2383"]
[BlackElo "2218"]
[Result "1-0"]
[PlyCount "75"]
[EventDate "2011.06.12"]

1. d4 f5 2. Bg5 Nf6 3. Bxf6 exf6 4. e3 d5 5. c4 c6 6. Nc3 Be6 7. Qb3 Qd7 8.
cxd5 cxd5 9. g3 Nc6 10. Bg2 O-O-O 11. Nge2 g5 12. Qa4 Kb8 13. O-O-O h5 14. h4
Qf7 15. Kb1 f4 16. exf4 Bh6 17. Ka1 gxf4 18. Nxf4 Bxf4 19. gxf4 Rhg8 20. Bf3
Bg4 21. Be2 Bxe2 22. Nxe2 Rg2 23. Rdf1 Rg4 24. Qc2 Re8 25. Qd2 Qc7 26. Rfg1
Rxg1+ 27. Rxg1 a6 28. Nc3 Qd8 29. Qd1 Rg8 30. Rg3 f5 31. Rg5 Re8 32. a3 Na5 33.
Rxf5 Qxh4 34. Qxh5 Re1+ 35. Ka2 Qxf2 36. Rf8+ Ka7 37. Qxd5 b6 38. Ra8# 1-0

[Event "I Festival A"]
[Site "Forni di Sopra ITA"]
[Date "2011.06.17"]
[Round "8"]
[White "Stopa, Jacek"]
[Black "Sipos, Istvan"]
[WhiteElo "2460"]
[BlackElo "2423"]
[Result "0-1"]
[PlyCount "150"]
[EventDate "2011.06.12"]

1. e4 e6 2. d4 d5 3. Nc3 Bb4 4. Qd3 dxe4 5. Qxe4 Nf6 6. Qh4 c5 7. dxc5 Bxc3+ 8.
bxc3 Qa5 9. Qb4 Qc7 10. Nf3 O-O 11. Bf4 Qd8 12. Bd6 Nc6 13. Qa3 Re8 14. Bb5 Bd7
15. O-O a6 16. Bc4 Ne4 17. Rfe1 Nxd6 18. cxd6 Qf6 19. Rad1 Rac8 20. Bd3 h6 21.
Be4 Red8 22. c4 b6 23. Qxa6 Nb4 24. Qxb6 Nxa2 25. c5 Nc3 26. c6 Bxc6 27. Bxc6
Nxd1 28. Bb7 Rb8 29. Rxd1 Rd7 30. Qe3 Rdxb7 31. g3 Rb1 32. Rxb1 Rxb1+ 33. Kg2
Rd1 34. Qc5 e5 35. Qc8+ Kh7 36. d7 e4 37. Ne5 e3 38. Ng4 Qd4 39. d8=Q Qxd8 40.
Qf5+ Kg8 41. Nxe3 Qa8+ 42. Kh3 Rd2 43. c4 Qc6 44. Qf4 Re2 45. g4 Re1 46. Qb8+
Kh7 47. Qf4 Qg6 48. Qf3 Rc1 49. Kg2 h5 50. h3 Rc3 51. Qd5 Rd3 52. Qe5 hxg4 53.
hxg4 Rd8 54. Qe7 Rd4 55. Kf3 Qc6+ 56. Ke2 Qd7 57. Qg5 Qe6 58. Qc5 Qe4 59. Qc7
Qd3+ 60. Kf3 Rd6 61. Kg2 Qe4+ 62. Kf1 Rf6 63. Qh2+ Rh6 64. Qg3 Qh1+ 65. Ke2 Ra6
66. Qg2 Qxg2 67. Nxg2 Ra2+ 68. Kf3 Kg6 69. Ne3 Kf6 70. Kg3 Ke5 71. f4+ Ke4 72.
Nf5 Ra3+ 73. Kh4 g6 74. Nd6+ Kxf4 75. Nxf7 Rg3 0-1

[Event "I Festival A"]
[Site "Forni di Sopra ITA"]
[Date "2011.06.17"]
[Round "8"]
[White "Urosevic, Goran"]
[Black "Nikolova, Adriana"]
[WhiteElo "2226"]
[BlackElo "2333"]
[Result "1-0"]
[PlyCount "135"]
[EventDate "2011.06.12"]

1. e4 c5 2. Nf3 d6 3. d4 cxd4 4. Nxd4 Nf6 5. Nc3 Nc6 6. Bg5 Bd7 7. Bc4 Qa5 8.
Bxf6 gxf6 9. Nde2 Rg8 10. Ng3 Bh6 11. Qd5 Qxd5 12. Nxd5 Rc8 13. Bb3 Rg6 14. f4
Rg4 15. O-O Be6 16. c3 Na5 17. Nf5 Bxd5 18. exd5 Bf8 19. Rae1 Kd8 20. Bd1 Rg6
21. Bh5 Nc4 22. Bxg6 hxg6 23. Nd4 Nb6 24. Re3 Nxd5 25. Rh3 f5 26. Rh8 Kd7 27.
Rh7 Nf6 28. Rh3 Ne4 29. Rd3 a6 30. Re1 Bh6 31. g3 e6 32. Kg2 f6 33. Nf3 Nc5 34.
Rdd1 Ke7 35. Nh4 Rg8 36. Kf3 Kd7 37. Ng2 g5 38. Ne3 Bf8 39. h4 Be7 40. h5 Bf8
41. Rg1 Ke7 42. a3 Bh6 43. b4 Ne4 44. c4 Rc8 45. Rd3 Rg8 46. Rg2 Rc8 47. a4 b6
48. Rb3 Kd7 49. a5 Rb8 50. axb6 Rxb6 51. Ra2 Nc5 52. Rb1 gxf4 53. gxf4 Nd3 54.
b5 axb5 55. cxb5 d5 56. Ra7+ Kd6 57. Rd1 Nb2 58. Ra6 Kc5 59. Rc1+ Nc4 60. Rxb6
Kxb6 61. Nxc4+ dxc4 62. Rxc4 Kxb5 63. Rc7 e5 64. Rf7 Bxf4 65. Rxf6 Kc5 66. Rxf5
Kd5 67. Rxf4 exf4 68. h6 1-0

[Event "I Festival A"]
[Site "Forni di Sopra ITA"]
[Date "2011.06.17"]
[Round "8"]
[White "Vojta, Tomas"]
[Black "Altini, Nicola"]
[WhiteElo "2360"]
[BlackElo "2206"]
[Result "1-0"]
[PlyCount "119"]
[EventDate "2011.06.12"]

1. e4 c5 2. f4 d5 3. exd5 Nf6 4. b3 Nxd5 5. Bb2 Nc6 6. Bb5 Bd7 7. Ne2 e6 8. O-O
Bd6 9. Nbc3 Qb6 10. Ne4 Be7 11. Bc4 Nf6 12. N2g3 Nd4 13. c3 Nxe4 14. Nxe4 Nf5
15. Qe2 Bc6 16. Ng5 Bxg5 17. fxg5 O-O-O 18. Qf2 Nd6 19. d4 cxd4 20. cxd4 Rd7
21. Bd3 Bd5 22. Rac1+ Kb8 23. Rc5 Qd8 24. Qf4 Ka8 25. Rfc1 f6 26. gxf6 gxf6 27.
Ba3 a6 28. R5c2 Nb5 29. Bc5 Bc6 30. Bxb5 axb5 31. Qe3 e5 32. d5 Rxd5 33. b4 Rd3
34. Qe1 Rg8 35. Qf1 Qd5 36. a4 Rd2 37. Rxd2 Qxd2 38. g3 Qd5 39. axb5 Qh1+ 40.
Kf2 Qf3+ 41. Ke1 Qxf1+ 42. Kxf1 Bxb5+ 43. Kf2 Bc6 44. Ra1+ Kb8 45. Bd6+ Kc8 46.
Ra8+ Kd7 47. Rxg8 Kxd6 48. Rd8+ Kc7 49. Rf8 Kb6 50. Rxf6 Kb5 51. Rf5 Kxb4 52.
Rxe5 Ka3 53. Ke3 b5 54. Kd2 b4 55. Re7 h5 56. Re5 Ka2 57. Rxh5 b3 58. Ra5+ Kb1
59. Ra6 Bd5 60. Kc3 1-0

[Event "I Festival A"]
[Site "Forni di Sopra ITA"]
[Date "2011.06.18"]
[Round "9"]
[White "Antoniewski, Rafal"]
[Black "Stella, Andrea"]
[WhiteElo "2598"]
[BlackElo "2398"]
[Result "1/2-1/2"]
[PlyCount "73"]
[EventDate "2011.06.12"]

1. e4 c5 2. Nf3 d6 3. Nc3 Nf6 4. e5 dxe5 5. Nxe5 Nbd7 6. Nc4 Nb6 7. Qf3 Nxc4 8.
Bxc4 e6 9. O-O Be7 10. d3 O-O 11. a4 a6 12. Re1 Qc7 13. Bf4 Bd6 14. Bxd6 Qxd6
15. Ne4 Nxe4 16. Qxe4 Bd7 17. a5 Bc6 18. Qe5 Rfd8 19. Ra3 Qd4 20. Rc3 Rac8 21.
h3 Bd5 22. Bxd5 Qxd5 23. Re4 Qxe5 24. Rxe5 Rd5 25. Rxd5 exd5 26. Rb3 Rc7 27.
Rb6 Kf8 28. Rd6 d4 29. b3 Ke7 30. Rb6 Kd8 31. Kf1 Re7 32. b4 cxb4 33. Rxb4 Rd7
34. Ke2 Kc7 35. Rc4+ Kb8 36. Kf3 Rd5 37. Ke4 1/2-1/2